| 000 | 00000nam 2200000zi 4500 |
| 001 | 9.937603 |
| 003 | CaOODSP |
| 005 | 20250206145939 |
| 006 | m o d f |
| 007 | cr cn||||||||| |
| 008 | 240430e202405 onca o f000 0 eng d |
| 020 | |a9780660716800|z9780660716817 |
| 040 | |aCaOODSP|beng|erda|cCaOODSP |
| 041 | |aeng|afre |
| 043 | |an-cn--- |
| 086 | 1 |aH139-66/2024-PDF |
| 245 | 00|aHealth Canada warns about unregistered insecticides in the marketplace = |bSanté Canada met en garde contre la présence sur le marché d'insecticides non homologués. |
| 246 | 11|aSanté Canada met en garde contre la présence sur le marché d'insecticides non homologués |
| 264 | 1|a[Ottawa] : |bHealth Canada = Santé Canada, |cMay 2024. |
| 300 | |a1 online resource (2 unnumbered pages) : |bcolour illustrations |
| 336 | |atext|btxt|2rdacontent |
| 337 | |acomputer|bc|2rdamedia |
| 338 | |aonline resource|bcr|2rdacarrier |
| 500 | |a"Pub.: 240142." |
| 500 | |aThe ISBN printed in this publication (9780660716817) is incorrect. |
| 500 | |aThe publication file in PDF format was replaced on 06-02-2024 as requested by Health Canada. |
| 546 | |aText in English and French. |
| 650 | 0|aPesticides|xLaw and legislation|zCanada. |
| 650 | 0|aDichlorvos|xGovernment policy|zCanada. |
| 710 | 1 |aCanada. |bHealth Canada, |eissuing body. |
| 776 | 0#|tHealth Canada warns about unregistered insecticides in the marketplace.|w(CaOODSP)9.937605 |
| 788 | |tHealth Canada warns about unregistered insecticides in the marketplace = |efre|w(CaOODSP)9.937604 |
| 856 | 40|qPDF|s390 KB|uhttps://publications.gc.ca/collections/collection_2025/sc-hc/H139-66-2024.pdf |